000 01007cam a2200241 a 4500
001 17627943
005 20201128021236.0
008 130215t2013 maua frb 001 0 eng d
020 _a9780124058651 (pbk. : alk. paper)
040 _aDLC
_beng
_cDLC
_dDLC
_dEG-ScBUE
082 0 0 _a004.019
_222
_bMAC
100 1 _aMacKenzie, I. Scott,
_d1951-
_937826
245 1 0 _aHuman-computer interaction :
_ban empirical research perspective /
_cI. Scott MacKenzie.
260 _aWaltham :
_bMorgan Kaufmann / Elsevier,
_cc.2013.
300 _axvii, 351 p. :
_bill. ;
_c24 cm.
500 _aIndex : p. 345-351.
504 _aBibliography : p. 319-342.
505 0 _aHistorical context -- The human factor -- Interaction elements -- Scientific foundations -- Designing HCI experiments -- Hypothesis testing -- Modeling interaction -- Writing and publishing a research paper.
650 7 _aHuman-computer interaction.
_2BUEsh
_9859
653 _bBUSADM
_bCOMAME
_cMay2015
655 _vreading book
_934232
942 _2ddc
999 _c19266
_d19238